Chapman Library

Statistics for business and economics / (Record no. 109)

000 -LEADER
fixed length control field 00723pam a2200193 a 4500
020 ## - INTERNATIONAL STANDARD BOOK NUMBER
ISBN 0023792019
050 00 - LIBRARY OF CONGRESS CALL NUMBER
Classification number HF1017
100 1# - MAIN ENTRY--AUTHOR NAME
Personal name McClave, James T.
245 10 - TITLE STATEMENT
Title Statistics for business and economics /
250 ## - EDITION STATEMENT
Edition statement 6th ed.
260 ## - PUBLICATION, DISTRIBUTION, ETC. (IMPRINT)
Place of publication New York :
Name of publisher Dellen ;
Place of publication Toronto :
Name of publisher Maxwell Macmillan Canada ;
Place of publication New York :
Name of publisher Maxwell Macmillan International,
Year of publication c1994.
300 ## - PHYSICAL DESCRIPTION
Number of Pages xxii, 1192 p. :
Other physical details ill. ;
Accompanying material 1 computer disk (3 1/2 in.)
500 ## - GENERAL NOTE
General note System requirements for computer disk: IBM-compatible PC; 512K RAM; DOS 2.0 or higher; two floppy disk drives or floppy disk drive and hard disk.
650 #0 - SUBJECT ADDED ENTRY--TOPICAL TERM
Topical Term Commercial statistics.
Topical Term Economics
Topical Term Statistics.
700 1# - ADDED ENTRY--PERSONAL NAME
Personal name Benson, P. George,
942 ## - ADDED ENTRY ELEMENTS (KOHA)
Koha item type Books
Holdings
Koha item type Collection code Shelving location Accession Number Permanent Location Current Location Date acquired Full call number
BooksLendingLending1742Chapman LibraryChapman Library2016-01-18HF1017.M36mcc


CSUC Chapman Library is a Koha Automated Library.


Contact us: library@csuc.edu.gh.